书目信息 |
| 题名: |
新编农药使用手册
|
|
| 作者: | 刘乾开 , 朱国念 主编 | |
| 分册: | ||
| 出版信息: | 上海 上海科学技术出版社 1999.10 |
|
| 页数: | 695页 | |
| 开本: | 21cm | |
| 丛书名: | ||
| 单 册: | ||
| 中图分类: | S48-62 | |
| 科图分类: | ||
| 主题词: | 农药施用--手册 | |
| 电子资源: | ||
| ISBN: | 7-5323-5090-8 | |
| 000 | 00844nam0 2200253 45 | |
| 001 | 012004016466 | |
| 005 | 20040920090716.0 | |
| 010 | @a7-5323-5090-8@b精装@dCNY34.80 | |
| 100 | @a20041024d1999 ekmy0chiy50 ea | |
| 101 | 0 | @achi |
| 102 | @aCN@b310000 | |
| 105 | @ay z 001yy | |
| 200 | 1 | @a新编农药使用手册@Axin bian nong yao shi yong shou ce@f刘乾开,朱国念主编@Fliu qian kai,zhu guo nian zhu bian |
| 205 | @a2版 | |
| 210 | @a上海@c上海科学技术出版社@d1999.10 | |
| 215 | @a695页@d21cm | |
| 330 | @a本书着重介绍杀虫剂、杀螨剂、杀菌剂、种子处理剂、种衣剂、除草剂、杀鼠剂、植物生长调节剂、仓储害虫防治剂等。 | |
| 606 | 0 | @a农药施用@j手册 |
| 690 | @aS48-62@v4 | |
| 701 | 0 | @a刘乾开@Aliu qian kai@4主编 |
| 701 | 0 | @a朱国念@Azhu guo nian@4主编 |
| 801 | 0 | @aCN@bBZT@c20041024 |
| 905 | @aBZT@dS48-62@e1@f10 | |
| 906 | @dCNY34.80@n0@r1 | |
| 新编农药使用手册/刘乾开,朱国念主编.-2版.-上海:上海科学技术出版社,1999.10 |
| 695页;21cm |
| ISBN 7-5323-5090-8(精装):CNY34.80 |
| 本书着重介绍杀虫剂、杀螨剂、杀菌剂、种子处理剂、种衣剂、除草剂、杀鼠剂、植物生长调节剂、仓储害虫防治剂等。 |
| ● |
| 相关链接 |
|
|
|
正题名:新编农药使用手册
索取号:S48-62/1
 
预约/预借
| 序号 | 登录号 | 条形码 | 馆藏地/架位号 | 状态 | 备注 |
| 1 | 2001740038 | 2001740038 | 样本书库/样005架A面3层3列/ [索取号:S48-62/1] | 在馆 | |
| 2 | 370996 | 230077840 | 中心书库中库/ 中库033架A面4列4层39/ [索取号:S48-62/1] | 在馆 | |
| 3 | 370997 | 230077838 | 中心书库中库/ 中库033架A面4列4层40/ [索取号:S48-62/1] | 在馆 | |
| 4 | 370998 | 230077828 | 中心书库中库/ 中库033架A面4列4层34/ [索取号:S48-62/1] | 在馆 | |
| 5 | 370999 | 230077826 | 中心书库中库/ 中库033架A面4列4层35/ [索取号:S48-62/1] | 在馆 | |
| 6 | 371000 | 230077832 | 中心书库中库/ 中库033架A面4列4层41/ [索取号:S48-62/1] | 在馆 | |
| 7 | 371001 | 230077834 | 中心书库中库/ 中库033架A面4列4层36/ [索取号:S48-62/1] | 在馆 | |
| 8 | 371002 | 230077850 | 中心书库中库/ 中库033架A面4列4层37/ [索取号:S48-62/1] | 在馆 | |
| 9 | 371003 | 230077842 | 中心书库中库/ 中库033架A面4列4层38/ [索取号:S48-62/1] | 在馆 |